000 01336cam a22003737a 4500
999 _c329123
_d329123
001 16224246
003 ASAB
005 20170424152928.0
008 100510s2010 nyua b 001 0 eng
010 _a 2010928349
016 7 _a101565921
_2DNLM
020 _a9781441965424 (alk. paper)
020 _a1441965424 (alk. paper)
020 _a9781441965431 (eISBN)
020 _a1441965432 (eISBN)
035 _a(OCoLC)ocn756894969
040 _aNLM
_beng
_cASAB
_dDLC
042 _anlmcopyc
_alccopycat
050 0 0 _aQ335
_bC542 2010
060 0 0 _a2011 J-139
060 1 0 _aW 26.55.I4
082 0 4 _a610.285
_222
100 1 _aCombi, Carlo.
245 1 0 _aTemporal information systems in medicine /
_cCarlo Combi, Elpida Keravnou-Papailiou, Yuval Shahar ; foreword by Jim Hunter.
260 _aNew York :
_bSpringer,
_cc2010.
300 _axxviii, 376 p. :
_bill. ;
_c24 cm.
504 _aIncludes bibliographical references (p. 351-371) and index.
650 0 _aArtificial intelligence.
650 1 2 _aArtificial Intelligence.
650 2 2 _aInformation Systems.
700 1 _aKaravnou-Papiliou, Elpida.
700 1 _aShahar, Yuval.
906 _a7
_bcbc
_ccopycat
_d2
_eepcn
_f20
_gy-gencatlg
942 _2ddc
_cBK